000 00851nam a2200253 a 4500
999 _c3753
_d3753
001 3753
003 BD-JhCC
005 20171118105645.0
008 171118s2001 bg |||| ||a| 000 0 ben d
020 _a9844102561
035 _a(BD-JhCC)3753
040 _aBD-JhCC
_dBD-JhCC
041 _aben
082 _a891.4409
_bDAT 2001
100 _aদত্ত, মাইকেল মধুসূধন
245 _aমেঘনাথবধ কাব্য /
_cমাইকেল মধুসূধন দত্ত,
260 _aঢাকা :
_bমাওলা ব্রাদার্স,
_c2001
300 _a253 p. :
_c22 cm.
650 _aBengali Epic Literature
700 _aখান, রফিকউল্লাহ (সম্পা)
700 _aসিকদার, সৌরভ (সম্পা)
942 _2ddc
_cBK